000 00416nam a2200145Ia 4500
008 211109s9999||||xx |||||||||||||| ||und||
082 _a894.8124
_bPAR-S
100 _aParameswaran Nair, P K
245 0 _aSahithya Padanangal 2
260 _bDC Books
_aKottayam
_c1901
300 _a96p
630 _xGENERAL STACK
650 _aMalayalam literature
_vMalayalam essays
_xLiterature & rhetoricMalayalam
942 _cBOOK
999 _c45051
_d45051